Word Ladder: Two Spanish Football Rivals Quiz Stats

 Plays Quiz Updated Nov 13, 2017

Score 0/19 Timer 03:00
0 Plays Today
Clue 3-Letter Word % Correct
1. ⚽ 'El Clásico' in Spanish football: Real ___[rung 3] vs FC [rung 7][rung 11][last rung] ⚽
°Like Wonderland's Hatter°
⚽ MAD ⚽
95.1%
7. ⚽ 'El Clásico' in Spanish football: Real [first rung][rung 3] vs FC ___[rung 11][last rung] ⚽
°Exclude or obstruct; drinks counter°
⚽ BAR ⚽
89.8%
3. ⚽ 'El Clásico' in Spanish football: Real [first rung]___ vs FC [rung 7][rung 11][last rung] ⚽
°Free, disencumber°
⚽ RID ⚽
84.6%
19. ⚽'El Clásico' in Spanish football: Real [first rung][rung 3] vs FC [rung 7][rung 11]___
°'Cat __ _ Hot Tin Roof'°
⚽ ONA ⚽
83.8%
8. Organ associated with van GoghEAR
82.9%
2. Totally coolRAD
78.8%
11. ⚽ 'El Clásico' in Spanish football: Real [first rung][rung 3] vs FC [rung 7]___[last rung] ⚽
°Animated cartoon frame°
⚽ CEL ⚽
78.2%
5. Very large; really importantBIG
76.3%
18. Result of dividing any nonzero number by itselfONE
75.8%
10. Snakelike fish aka 'Unagi', in sushi barsEEL
74.3%
Clue 3-Letter Word % Correct
6. Tile container in ScrabbleBAG
70.7%
9. Always, to ShakespeareEER
70.4%
14. Director's end-of-scene cryCUT
70.2%
4. Arrange in a dishonest wayRIG
68.8%
15. In need of restockingOUT
63.4%
17. Not shut, poeticallyOPE
60.9%
16. To make a choiceOPT
59.1%
13. Many a sports trophyCUP
52.2%
12. Porcino, an edible wild mushroomCEP
46.5%

Today's Daily Dose

Missing Word
Celine Dion

Word Ladder
Dr. Seuss Books

Quick Pick
Cities in India

Get the Picture
'A' Actresses

You're not logged in!

Compare scores with friends on all Sporcle quizzes.
OR
Log In

Sporcle TV

Today on Sporcle TV


Watch our educational content, quiz creation guides, and fun videos on Sporcle TV.

Show Comments

Extras

Top Quizzes Today


Score Distribution

Your Account Isn't Verified!

In order to create a playlist on Sporcle, you need to verify the email address you used during registration. Go to your Sporcle Settings to finish the process.

Report this User

Report this user for behavior that violates our Community Guidelines.

Details: